000 00459nab a2200145Ia 4500
003 ES-SlBCS
005 20210601125306.0
008 140529s2000 xxu||||| |||| 00| 0 eng d
041 _aeng
100 1 _aBeebee, Helen
_9151190
245 0 4 _aThe Non-Governing Conception of Laws of Nature
_c Helen Beebee
650 0 4 _aLeyes de la Naturaleza
_9156388
773 0 _tPhilosophy and Phenomenological Research
_gvol. 61, 2000, págs. 571-594
_wRev1411
942 _cAR
999 _c527941
_d527941